000 00504nam a2200181Ia 4500
008 151202s9999||||xx |||||||||||||| ||und||
082 _bPNVM-26694
100 _aहडप वि.वा.
245 _aपेशवाईचा दसरा.
260 _b---
260 _c0
300 _a0
600 _aहडप वि.वा.
630 _aपेशवाईचा दसरा.
700 _aहडप वि.वा.
730 _aपेशवाईचा दसरा.
942 _cBOOK
999 _c1292663
_d1292660